Catálogo
 En Linea

Labradores y desbandados 1898 : (Registro nro. 39759)

Detalles MARC
000 -CABECERA
campo de control de longitud fija 00808nam a2200181 a 4500
001 - NÚMERO DE CONTROL
campo de control 000040269
005 - FECHA Y HORA DE LA ÚLTIMA TRANSACCIÓN
campo de control 20201002034025.0
008 - DATOS DE LONGITUD FIJA--INFORMACIÓN GENERAL
campo de control de longitud fija 130821s2013 xxuac 000 0 spa d
020 ## - NÚMERO INTERNACIONAL ESTÁNDAR DEL LIBRO
Número Internacional Estándar del Libro 9781463710989
040 ## - FUENTE DE LA CATALOGACIÓN
Centro catalogador/agencia de origen DO-SdBNP
Lengua de catalogación spa
Centro/agencia transcriptor BNPHU
100 1# - ENTRADA PRINCIPAL--NOMBRE DE PERSONA
Nombre de persona Sloan Toraño, Randle
9 (RLIN) 66542
245 10 - MENCIÓN DE TÍTULO
Título Labradores y desbandados 1898 :
Resto del título crónicas del Caribe Colonial /
Mención de responsabilidad, etc. Randle Sloan Toraño.
260 ## - PUBLICACIÓN, DISTRIBUCIÓN, ETC.
Lugar de publicación, distribución, etc. Estados Unidos de América :
Nombre del editor, distribuidor, etc. [s.n.].,
Fecha de publicación, distribución, etc. 2013.
300 ## - DESCRIPCIÓN FÍSICA
Extensión 234 p. :
Otras características físicas il., retrs. ;
Dimensiones 24 cm.
500 ## - NOTA GENERAL
Nota general Crónicas de un emigrante español en Puerto Rico, un cabo rayadillo de la última década del siglo XIX, dedicándose al cultivo del café a agricultura, su fe cristiana, el amor a la tierra y a su familia criolla
504 ## - NOTA DE BIBLIOGRAFÍA, ETC.
Nota de bibliografía, etc. Bibliografía : p. 225 - 233
590 ## - NOTA LOCAL (RLIN)
Nota local Atográfiado en la anteportada
Existencias
Estado de retiro Estado de pérdida Restricciones de uso No para préstamo Código de colección Localización permanente Ubicación/localización actual Ubicación en estantería Fecha de adquisición Número de inventario Total de préstamos Signatura topográfica completa Código de barras Fecha visto por última vez Precio válido a partir de Tipo de ítem Koha Número de copia
      Excluido de préstamo Monografías: Libros y Folletos General General En catalogación 21.08.2013 LF1   40269-10 25.06.2020 25.06.2020 No se presta  
      Excluido de préstamo Monografías: Libros y Folletos General General En catalogación 21.08.2013 LF1   40269-20 25.06.2020 25.06.2020 No se presta e. 2

Con tecnología Koha